[Event "Manila"]
[Site "Manila"]
[Date "1982.??.??"]
[Round "?"]
[White "Balinas, Rosendo Carrean"]
[Black "Sveshnikov, Evgeny"]
[Result "1/2-1/2"]
[WhiteElo "2365"]
[BlackElo "2495"]

1.e4 c5 2.Nc3 Nc6 3.Nge2 Nf6 4.g3 e6 5.Bg2 d5 6.exd5 exd5 7.d4 cxd4 8.Nxd4 Bg4
9.f3 Be6 10.Be3 Bb4 11.O-O O-O 12.Nce2 Re8 13.c3 Ba5 14.Qd2 Qd7 15.Nf4 Rac8
16.Rfe1 Ne5 17.Bf2 Ng6 18.Nfxe6 fxe6 19.Bh3 Nf8 20.Re2 Re7 21.Rae1 Rce8 22.Nb3 Qc7
23.Nxa5 Qxa5 24.b4 Qa6 25.Bc5 Rc7 26.Bxf8 Kxf8 27.Rxe6 Rxe6 28.Rxe6 Qa3 29.Re3 a5
30.Be6 Re7 31.Kf2 axb4 32.c4 b3 33.cxd5 Qxa2 34.Qxa2 bxa2 35.Ra3 Rc7 36.Rxa2 Ke7
37.Rb2 Kd6 38.Rb5 Rc2+ 39.Ke3 Rxh2 40.Rxb7 Nxd5+ 41.Bxd5 Kxd5 42.Rxg7 Ke5
43.Rf7 Ke6 44.Rf8 Ke7 45.Rf4 Ke6 46.g4 h5 47.g5 Ke5 48.Rf7 Rh3 49.Ra7 Kf5
50.Ra5+ Kg6 51.Kf4 Rh4+ 52.Kg3 Rh1 53.f4 Rg1+ 54.Kh3 Rg4 55.Ra6+ Kh7 56.Ra7+ Kg8  1/2-1/2

[Event "Marbella zt-B"]
[Site "Marbella"]
[Date "1982.??.??"]
[Round "2"]
[White "Sanz Alonso, Francisco Javier"]
[Black "Klauner, Thei"]
[Result "1-0"]
[WhiteElo "2355"]
[BlackElo "2200"]

1.e4 c5 2.Nf3 Nc6 3.Nc3 g6 4.d4 cxd4 5.Nxd4 Bg7 6.Nde2 Nf6 7.g3 d5 8.exd5 Nb4
9.Bg2 Bf5 10.Nd4 Bg4 11.Nce2 Nfxd5 12.h3 Bxe2 13.Nxe2 Nb6 14.Bd2 Nc6 15.Bc3 Bxc3+
16.Nxc3 Qxd1+ 17.Rxd1 O-O 18.O-O Rfd8 19.Nd5 Nxd5 20.Bxd5 Rd6 21.Kg2 Rad8
22.Bf3 Rd2 23.Rxd2 Rxd2 24.Bxc6 bxc6 25.Rc1 e5 26.Kf3 f5 27.Ke3 Rd7 28.b4 Kf7
29.a4 a6 30.Rb1 Ke6 31.Rb3 e4 32.Rc3 Kd6 33.Rc5 Rb7 34.c3 Rf7 35.Ra5 Rg7
36.g4 fxg4 37.hxg4 Rf7 38.Rxa6 Kd5 39.Ra5+ Kc4 40.Rc5+ Kb3 41.a5  1-0

[Event "Bohemians"]
[Site "Prague"]
[Date "1982.??.??"]
[Round "2"]
[White "Mujagic, Ramo"]
[Black "Streitberg, Petr"]
[Result "1/2-1/2"]
[WhiteElo "2340"]
[BlackElo "2215"]

1.e4 c5 2.Nf3 Nc6 3.Nc3 Nf6 4.d4 cxd4 5.Nxd4 e5 6.Ndb5 d6 7.Bg5 a6 8.Na3 Be6
9.Nc4 Rc8 10.Ne3 Be7 11.Bxf6 Bxf6 12.Ncd5 Bg5 13.c3 O-O 14.Bd3 g6 15.Qf3 Kg7
16.Rd1 Ne7 17.h4 Bxh4 18.Nxe7 Qxe7 19.Nf5+ gxf5 20.exf5 e4 21.Bxe4 d5 22.Qg4+ Bg5
23.Rxh7+ Kg8 24.fxe6 dxe4 25.Rxf7 Qc5 26.Rdd7 Rxf7 27.exf7+ Kf8 28.Qe6 e3
29.fxe3 Qxe3+ 30.Qxe3 Bxe3 31.Rxb7 Rc6 32.Ke2 Bc5  1/2-1/2

[Event "Randers zt-f"]
[Site "Randers"]
[Date "1982.??.??"]
[Round "1"]
[White "Gruenfeld, Yehuda"]
[Black "Karlsson, Lars"]
[Result "1-0"]
[WhiteElo "2505"]
[BlackElo "2500"]

1.e4 c5 2.Nf3 Nc6 3.Nc3 g6 4.d4 cxd4 5.Nxd4 Bg7 6.Be3 Nf6 7.Bc4 O-O 8.Bb3 a5
9.f3 d5 10.Bxd5 Nxd5 11.exd5 Nb4 12.Nde2 Bf5 13.Rc1 Rc8 14.a3 Nxc2+ 15.Rxc2 Bxc2
16.Qxc2 Qxd5 17.Kf2 Qc4 18.Rd1 b5 19.Qe4 Qxe4 20.fxe4 e6 21.Rd2 b4 22.axb4 axb4
23.Nb5 f5 24.Nd6 fxe4+ 25.Ke1 Ra8 26.Ng3 Ra2 27.Nc4 Rc8 28.Nb6 Rc1+ 29.Ke2 Bxb2
30.Nxe4 b3 31.Rd8+ Kg7 32.Rd7+ Kg8 33.Rd8+ Kg7 34.Rd7+ Kg8 35.Bxc1 Bxc1+
36.Kf3 Bb2 37.Nc4 Ba1 38.Rb7 Rc2 39.Ncd6 Be5 40.Rxb3 Rc6 41.Rb8+ Kg7 42.Rb7+ Kg8
43.Ne8 Bxh2 44.N8f6+ Kf8 45.Rxh7  1-0

[Event "Randers zt-f"]
[Site "Randers"]
[Date "1982.??.??"]
[Round "4"]
[White "Gruenfeld, Yehuda"]
[Black "Kagan, Shimon"]
[Result "1/2-1/2"]
[WhiteElo "2505"]
[BlackElo "2425"]

1.e4 c5 2.Nf3 Nc6 3.Nc3 g6 4.d4 cxd4 5.Nxd4 Bg7 6.Be3 Nf6 7.Bc4 Qa5 8.O-O O-O
9.Bb3 d6 10.h3 Bd7 11.Re1 Rab8 12.f4 Nxd4 13.Qxd4 Nh5 14.Qxa7 Bxc3 15.bxc3 Qxc3
16.Rad1 Bc6 17.Qd4 Qxd4 18.Rxd4 e5 19.Rxd6 exf4 20.Bc1 Rfe8 21.e5 Rbd8 22.Ba3 Rxd6
23.Bxd6 Kg7 24.a4 Ra8 25.c4 Ng3 26.e6 Ne4 27.Be5+ f6 28.Bxf4 Re8 29.a5 Nc5
30.Bc2 Rxe6 31.Rxe6 Nxe6 32.Bd6 Nd4 33.Bd1 Kf7 34.Bc5 Ne6 35.Bd6 Nd4 36.Kf2 Ke6
37.Bb8 h5 38.g4 hxg4 39.hxg4 Bh1 40.Ke3 Nc6 41.Bc7 Kd7 42.Bb6 Ne5 43.Be2 g5
44.Bd4 Ke6 45.Bc3 Bg2 46.Bxe5  1/2-1/2

[Event "Reykjavik op"]
[Site "Reykjavik"]
[Date "1982.??.??"]
[Round "?"]
[White "Fridjonsson, Joffus"]
[Black "Petursson, Margeir"]
[Result "1/2-1/2"]
[WhiteElo "2260"]
[BlackElo "2415"]

1.e4 c5 2.Nc3 Nc6 3.Nf3 g6 4.g3 Bg7 5.Bg2 e6 6.d3 Nge7 7.Be3 Nd4 8.Qd2 d5
9.Nd1 dxe4 10.dxe4 Nec6 11.c3 Nxf3+ 12.Bxf3 Qxd2+ 13.Bxd2 b6 14.Be2 Bb7 15.f3 O-O-O
16.Nf2 f5 17.O-O-O Ne5 18.Be3 fxe4 19.Nxe4 Bd5 20.b3 Rhf8 21.Rhf1 Ng4 22.Bf4 Rxf4
23.gxf4 Ne3 24.c4 Nxd1 25.cxd5 exd5 26.Rxd1 dxe4 27.Rxd8+ Kxd8 28.Kd2 exf3
29.Bxf3 Ke7 30.Ke3 Ke6 31.Bb7 Bd4+ 32.Ke4 Bg1 33.h3 Kf6 34.Bc8 Bd4 35.Ba6 Bb2
36.Bc8 Kg7 37.Ba6 Kh6 38.Be2 Kg7 39.Ba6 Kf6 40.Bb5 Ke7 41.Bc4 Bc1 42.a4 Bd2
43.Bd5 Kd6 44.Bg8 h6 45.Bf7 g5 46.fxg5 hxg5 47.Bc4 Ke7 48.Bb5 Kf6 49.Bc4 Kg6
50.Be2  1/2-1/2

[Event "Rostock"]
[Site "Rostock"]
[Date "1982.??.??"]
[Round "?"]
[White "Tischbierek, Raj"]
[Black "Lanc, Alois"]
[Result "0-1"]
[WhiteElo "2365"]
[BlackElo "2395"]

1.e4 c5 2.Nf3 Nc6 3.Nc3 e5 4.Bc4 g6 5.d3 Bg7 6.Bg5 f6 7.Bh4 Nge7 8.a3 d6
9.h3 a6 10.O-O h5 11.b4 cxb4 12.axb4 Nxb4 13.d4 g5 14.Bxg5 fxg5 15.Nxg5 Ned5
16.Nxd5 Nxd5 17.Bb5+ Kf8 18.h4 Nf4 19.Bc4 Qc7 20.Bb3 Bf6 21.g3 Nh3+ 22.Kh2 Nxg5
23.hxg5 Bxg5 24.dxe5 dxe5 25.f4 exf4 26.Qd5 Bh6 27.Rxf4+ Bxf4 28.Rf1 h4 29.Rxf4+ Ke8
30.Qg5 hxg3+ 31.Kg2 Bh3+ 32.Kf3 Qc3+ 33.Ke2 Bg4+ 34.Qxg4 Rh2+  0-1

[Event "Rostock"]
[Site "Rostock"]
[Date "1982.??.??"]
[Round "?"]
[White "Paehtz, Thomas Sr"]
[Black "Lanc, Alois"]
[Result "1-0"]
[WhiteElo "2365"]
[BlackElo "2395"]

1.e4 c5 2.Nf3 Nc6 3.Nc3 e5 4.Bc4 d6 5.d3 h6 6.a3 a6 7.h3 Nf6 8.Nh2 Be7 9.Nf1 b5
10.Ba2 Be6 11.Nd5 Bxd5 12.exd5 Nb8 13.Ne3 g6 14.O-O Nbd7 15.b4 O-O 16.Bd2 Kh7
17.c4 Ne8 18.Nc2 f5 19.Rb1 f4 20.Ne1 Ng7 21.Bc3 Bf6 22.Nf3 bxc4 23.Bxc4 cxb4
24.axb4 Qc8 25.Rc1 Nf5 26.Re1 Nb6 27.Ba2 Qb7 28.d4 exd4 29.Bxd4 Nxd5 30.Bxf6 Nxf6
31.Bb1 Qd7 32.Qd2 Nh5 33.Qd3 Ra7 34.Re4 Re8 35.Rec4 d5 36.Rd4 Rd8 37.Rd1 Ne7
38.Qe2 Qd6 39.Ne5 Kg7 40.Nxg6 Nxg6 41.Qxh5 Re7 42.Rxd5  1-0

[Event "DDR-ch 31th"]
[Site "Salzwedel"]
[Date "1982.??.??"]
[Round "8"]
[White "Vogt, Lothar"]
[Black "Tischbierek, Raj"]
[Result "1-0"]
[WhiteElo "2495"]
[BlackElo "2370"]

1.e4 c5 2.Nc3 Nc6 3.Nge2 d6 4.g3 g6 5.Bg2 Bg7 6.O-O e5 7.d3 Nge7 8.Bg5 h6
9.Be3 O-O 10.Qd2 Kh7 11.f4 exf4 12.Rxf4 Ne5 13.h3 Be6 14.Raf1 Qd7 15.g4 Rac8
16.Ng3 d5 17.exd5 Bxd5 18.Nge4 Bxe4 19.Bxe4 b5 20.Qf2 b4 21.Ne2 Nd5 22.Bxd5 Qxd5
23.Ng3 c4 24.d4 Nc6 25.c3 Rce8 26.Qf3 Qxf3 27.R4xf3 bxc3 28.bxc3 f6 29.Bc1 Rf7
30.Be3 Rb7 31.h4 a6 32.h5 Na7 33.hxg6+ Kxg6 34.Bc1 Nb5 35.Nh5 Rb6 36.a4 Nc7
37.a5 Rc6 38.Rf5 Nb5 39.d5 Rd6 40.Bf4 Rd7 41.Bd2 Rd6 42.Bf4 Rd7 43.Rf3 Re4
44.Kf2 Rf7 45.d6 Rd7 46.Bg3 Nxd6 47.Rd5 Re5 48.Bxe5 fxe5 49.Ke2 e4 50.Re3 Bf8
51.Ng3 Rf7 52.Nxe4 Nb5 53.Re5 Rf4 54.Re6+ Kf7 55.Rxa6 Bg7 56.g5 Nc7 57.g6+ Kg8
58.Rd6  1-0

[Event "Sarajevo"]
[Site "Sarajevo"]
[Date "1982.??.??"]
[Round "?"]
[White "Makarichev, Sergey"]
[Black "Kelecevic, Nedeljko"]
[Result "1-0"]
[WhiteElo "2505"]
[BlackElo "2390"]

1.e4 c5 2.Nf3 Nc6 3.Nc3 e6 4.Bb5 Nd4 5.O-O Qb6 6.a4 Bd6 7.Nxd4 cxd4 8.Ne2 a6
9.Bd3 Qc7 10.Kh1 e5 11.c3 dxc3 12.dxc3 Bc5 13.Ng3 h5 14.Nf5 g6 15.Ne3 Nf6
16.Qf3 Be7 17.Bc4 d6 18.Qe2 Bd7 19.Nd5 Nxd5 20.Bxd5 Bc6 21.Rd1 Bxd5 22.Rxd5 Rc8
23.f4 exf4 24.Bxf4 O-O 25.Qf3 Rfe8 26.Rad1 Qb6 27.Rf1 f6 28.Bxd6 Bxd6 29.Qxf6 Bc5
30.Qf7+ Kh8 31.Rd7 Re7 32.Rxe7 Bxe7 33.Qxe7 Qxb2 34.Qe5+  1-0

[Event "BUL-ch (Women)"]
[Site "Sofia"]
[Date "1982.??.??"]
[Round "11"]
[White "Kolchakova, Jeni"]
[Black "Danova, Tanja"]
[Result "1-0"]
[WhiteElo "1945"]
[BlackElo "1895"]

1.e4 c5 2.Nc3 Nc6 3.Nge2 Nf6 4.d4 cxd4 5.Nxd4 a6 6.g3 e6 7.Bg2 Bb4 8.O-O O-O
9.Nde2 b5 10.a4 Bxc3 11.Nxc3 b4 12.Ne2 h6 13.c4 bxc3 14.Nxc3 Bb7 15.Be3 Na5
16.e5 Bxg2 17.Kxg2 Nh7 18.Bc5 Re8 19.b4 Qc8 20.Ne4 Qc6 21.f3 Nc4 22.Nd6 Qxc5
23.bxc5 Ne3+ 24.Kg1 Nxd1 25.Nxe8 Ne3 26.Nc7 Ra7 27.Nb5 axb5 28.axb5 Rb7 29.Ra8+ Nf8
30.c6 dxc6 31.bxc6 Rb2 32.Rc1 Nd5 33.c7 Nxc7 34.Rxc7 f5 35.exf6 gxf6 36.Rcc8 Rb1+
37.Kg2 Rb2+ 38.Kh3 f5 39.Rxf8+ Kg7 40.f4 Kg6 41.Rg8+  1-0

[Event "Telechess ol2 8182"]
[Site "telex"]
[Date "1982.??.??"]
[Round "?"]
[White "Ekstroem, Roland"]
[Black "Espig, Lutz"]
[Result "1/2-1/2"]
[WhiteElo "2405"]
[BlackElo "2440"]

1.e4 c5 2.Nc3 Nc6 3.Nf3 e6 4.g3 d6 5.Bg2 Nf6 6.d4 cxd4 7.Nxd4 Bd7 8.O-O Be7
9.Ndb5 Qb8 10.Bg5 a6 11.Bxf6 gxf6 12.Nd4 h5 13.Re1 Nxd4 14.Qxd4 Qa7 15.Qxa7 Rxa7
16.h4 b5 17.Ne2 Rc7 18.c3 e5 19.Nc1 Kf8 20.Kh2 Kg7 21.Nd3 a5 22.Bh3 Bxh3
23.Kxh3 d5 24.exd5 Rd8 25.Re2 Rxd5 26.Ne1 b4 27.cxb4 axb4 28.Ng2 Bc5 29.Rc1 Ra7
30.b3 Bd4 31.Rcc2 Kg6 32.Ne3 Rc5 33.Rxc5  1/2-1/2

[Event "Varna"]
[Site "Varna"]
[Date "1982.??.??"]
[Round "4"]
[White "Donchev, Dimitar I"]
[Black "Georgiev, Kiril"]
[Result "1-0"]
[WhiteElo "2430"]
[BlackElo "2380"]

1.e4 c5 2.Nf3 Nc6 3.Nc3 Nf6 4.d4 cxd4 5.Nxd4 e5 6.Ndb5 d6 7.Bg5 a6 8.Na3 Be6
9.Nc4 Rc8 10.Bxf6 Qxf6 11.Nb6 Rb8 12.Ncd5 Qg6 13.Qd3 Be7 14.O-O-O O-O 15.g3 Bd8
16.c3 f5 17.f3 fxe4 18.fxe4 Rf2 19.Kb1 Bg4 20.Re1 Bf3 21.Rg1 Bg5 22.Bh3 Bd2
23.Bf5 Qh6 24.h4 Bxe1 25.Rxe1 Qd2 26.Be6+ Kh8 27.Qxd2 Rxd2 28.Nc4 Rg2 29.Nxd6 g6
30.Bc8 Na7 31.Be6 Rxg3 32.Nf6 Rf8 33.Nfe8 Nb5 34.Nf7+ Rxf7 35.Bxf7 Rh3 36.Bd5 b6
37.a4 Na7 38.Nd6 Rxh4 39.Nf7+ Kg7 40.Nxe5 Bh1 41.Bb7 g5 42.Kc2 h5 43.Kd3 g4
44.Ke3 Rh2 45.Kf4 Kh6 46.Rf1 a5 47.c4 Rh3 48.Rd1 Rh2 49.Rd6+ Kg7 50.Rd7+ Kh6
51.Rd6+ Kg7 52.Bd5 Rf2+ 53.Kg5 g3 54.Rd7+ Kf8 55.Rxa7 g2 56.Ng6+ Ke8 57.Bc6+ Kd8  1-0

[Event "JUG-ch"]
[Site "Vrbas"]
[Date "1982.??.??"]
[Round "?"]
[White "Hresc, Vladimir"]
[Black "Sines, J."]
[Result "1/2-1/2"]
[WhiteElo "2265"]
[BlackElo "2355"]

1.e4 c5 2.Nc3 Nc6 3.Nf3 g6 4.g3 Bg7 5.Bg2 d6 6.O-O e6 7.d3 Nge7 8.Ne1 O-O
9.f4 Rb8 10.Nf3 b5 11.g4 b4 12.Ne2 f5  1/2-1/2

[Event "Vrnjacka Banja"]
[Site "Vrnjacka Banja"]
[Date "1982.??.??"]
[Round "1"]
[White "Rogulj, Branko"]
[Black "Simic, Radoslav"]
[Result "1/2-1/2"]
[WhiteElo "2435"]
[BlackElo "2485"]

1.e4 c5 2.Nf3 Nc6 3.Nc3 Nf6 4.Bb5 g6 5.h3 Nd4 6.e5 Nxb5 7.Nxb5 Nd5 8.Ng5 f5
9.exf6 Nxf6 10.Qe2 e6 11.Qe5 d6 12.Qe2 Qe7 13.O-O a6 14.Nc3 h6 15.Nge4 Bg7
16.Nxf6+ Bxf6 17.d3 Kf7 18.Ne4 Bg7 19.Be3 Bd7 20.Qf3+ Kg8 21.Qg3 b6 22.Nxd6 Kh7
23.Nc4 Bb5 24.Nxb6 Rab8 25.a4 Bxd3 26.cxd3 Rxb6 27.Rac1 Rc8 28.Rc4 Rxb2 29.d4 Qd7
30.dxc5 Qd5 31.Rfc1 Rc6 32.Rf4 Rb7 33.Qg4 h5 34.Qe2 Bh6 35.Rd4 Qe5 36.Qf3 Rbc7
37.Re4 Qf5 38.Bxh6 Qxf3 39.gxf3 Kxh6 40.Re5 Rf7 41.Rd1 Rxf3 42.Rd6 Rxd6 43.cxd6 Rd3
44.Rxe6 Kg5 45.d7 Rxd7 46.Rxa6 Rd3 47.Kg2 Ra3 48.a5 Kh4  1/2-1/2

[Event "Bela Crkva op"]
[Site "Bela Crkva"]
[Date "1983.??.??"]
[Round "5"]
[White "Mujagic, Ramo"]
[Black "Ikonic, Borislav"]
[Result "1-0"]
[WhiteElo "2285"]
[BlackElo "2220"]

1.e4 c5 2.Nf3 Nc6 3.Nc3 d6 4.d4 cxd4 5.Nxd4 Nf6 6.Be2 g6 7.Be3 Bg7 8.Nb3 O-O
9.f4 a5 10.a4 Be6 11.Bf3 Nb4 12.Nd4 Bc8 13.O-O d5 14.e5 Ne8 15.Ndb5 Bf5 16.Rf2 Rc8
17.Rc1 f6 18.Nxd5 fxe5 19.Bb6 Qd7 20.fxe5 Bxe5 21.Bxa5 Nxd5 22.Qxd5+ Qxd5
23.Bxd5+ e6 24.Bb3 Bxb2 25.Rb1 Bg7 26.Rxf5  1-0

[Event "Biel"]
[Site "Biel"]
[Date "1983.??.??"]
[Round "?"]
[White "Gobet, Fernand"]
[Black "Toth, Bela"]
[Result "0-1"]
[WhiteElo "2415"]
[BlackElo "2400"]

1.e4 c5 2.Nf3 Nc6 3.Nc3 d6 4.d4 cxd4 5.Nxd4 Nf6 6.g3 Bg4 7.f3 Bd7 8.Be3 e6
9.Qd2 Be7 10.O-O-O O-O 11.g4 Nxd4 12.Qxd4 Bc6 13.g5 Nd7 14.h4 a6 15.Bh3 Re8
16.Rdg1 d5 17.e5 Qc7 18.g6 hxg6 19.Rxg6 fxg6 20.Bxe6+ Kf8 21.Qf4+ Bf6 22.Qb4+ Re7
23.exf6 gxf6 24.Bxd7 Qxd7 25.Bc5 Kf7 26.Bxe7 Qxe7 27.Qf4 Re8 28.Nd1 Rh8 29.Qg3 Qe5
30.f4 Qh5 31.Nf2 Re8 32.Nd3 d4 33.Re1 Re2 34.Rxe2 Qxe2 35.Nb4 Bf3 36.b3 Qe3+
37.Kb2 Qc3+ 38.Kb1 Be4 39.Nd3 Qd2 40.Qh3 Bf5 41.Qf3 Kf8 42.h5 gxh5 43.Qxh5 Bxd3
44.Qc5+ Kg7 45.Qe7+ Kg6 46.Qe8+ Kf5 47.Qh5+ Ke4 48.Qh1+ Ke3 49.Qh3+ Ke2 50.Qg4+ Ke1
51.Qg3+ Kd1 52.Qg4+ Qe2 53.Qg1+ Qf1 54.Qxd4 Kd2+  0-1

[Event "Elekes mem-A"]
[Site "Budapest"]
[Date "1983.??.??"]
[Round "?"]
[White "Tischbierek, Raj"]
[Black "Marosi, Gyorgy"]
[Result "1-0"]
[WhiteElo "2435"]
[BlackElo "2350"]

1.e4 c5 2.Nf3 Nc6 3.Nc3 g6 4.d4 cxd4 5.Nxd4 Bg7 6.Nb3 Bxc3+ 7.bxc3 Nf6 8.Bh6 Nxe4
9.Bd3 Nf6 10.Qe2 Rg8 11.Bg5 Kf8 12.Bh6+ Ke8 13.O-O d6 14.Nd4 Ng4 15.Bg5 h6
16.Bd2 g5 17.Rab1 Nge5 18.Be4 d5 19.Nxc6 Nxc6 20.Bh7 Rg7 21.Bd3 Kf8 22.Qh5 e5
23.Qxh6 e4 24.h4 f6 25.hxg5 fxg5 26.Bb5 Kg8 27.Bxc6 bxc6 28.Qxc6 Bf5 29.Rb5 Rc8
30.Qxd5+ Qxd5 31.Rxd5 Be6 32.Ra5 g4 33.Re1 Rc4 34.Be3 Rf7 35.Bxa7 Rxc3 36.Rxe4 Bf5
37.Re8+ Kh7 38.Bd4 Rc6 39.Rh8+ Kg6 40.Rg8+ Kh7 41.Raa8 Bd7 42.c3 Re7 43.Rh8+ Kg6
44.Raf8 Rce6 45.Kh2 Re8 46.Rhg8+ Kh6 47.Rxe8 Rxe8 48.Rg7 Bf5 49.Ra7 Re2 50.Kg3  1-0

[Event "Politicen Cup"]
[Site "Copenhagen"]
[Date "1983.??.??"]
[Round "6"]
[White "Mortensen, Erling"]
[Black "Kudrin, Sergey"]
[Result "0-1"]
[WhiteElo "2435"]
[BlackElo "2510"]

1.e4 c5 2.Nc3 Nc6 3.Nf3 g6 4.d4 cxd4 5.Nxd4 Bg7 6.Be3 Nf6 7.Bc4 O-O 8.Bb3 d6
9.h3 Na5 10.O-O b6 11.Qd3 Bb7 12.f4 Rc8 13.Rae1 Rxc3 14.Qxc3 Nxe4 15.Qd3 Nxb3
16.axb3 e5 17.Ne2 Qa8 18.b4 Nf6 19.Rf2 Ne4 20.Rff1 Re8 21.Kh2 Nf6 22.Rg1 Nd5
23.Bd2 e4 24.Qb3 e3 25.Bc3 Nxc3 26.bxc3 b5 27.c4 bxc4 28.Qxc4 Be4 29.Qb3 d5
30.c3 Bd3 31.Nd4 Qb8 32.g3 Bc4 33.Qd1 Re4 34.Qf3 Bxd4 35.cxd4 Qxb4 36.Rb1 Qd2+
37.Kh1 Qxd4 38.f5 Re8 39.Rb7 Qe4 40.Qxe4 Rxe4 41.f6 Re8 42.Re1 e2 43.Rxa7 d4
44.Rd7 d3 45.Kg2 h5 46.g4 hxg4 47.hxg4 g5 48.Kf2 Kh7 49.Rc1 Re4 50.Ke1 Rxg4
51.Kd2 Kg6 52.Rc7 Re4 53.Re7 Rf4 54.Rc7 Re4 55.Re7 Be6  0-1

[Event "Copenhagen"]
[Site "Copenhagen"]
[Date "1983.??.??"]
[Round "8"]
[White "Iskov, Gert"]
[Black "Plachetka, Jan"]
[Result "1-0"]
[WhiteElo "2365"]
[BlackElo "2465"]

1.e4 c5 2.Nc3 Nc6 3.Nge2 d6 4.d4 cxd4 5.Nxd4 Nf6 6.g3 Bg4 7.f3 Bd7 8.Be3 g6
9.Qd2 Rc8 10.O-O-O Bg7 11.g4 Ne5 12.Bh6 Bxh6 13.Qxh6 Rxc3 14.bxc3 Qa5 15.Kb2 Be6
16.Nxe6 fxe6 17.Be2 g5 18.Rd4 Kf7 19.h4 Rc8 20.Rb4 Nexg4 21.fxg4 Rxc3 22.Rb3 Rxc2+
23.Kxc2 Qxa2+ 24.Rb2 Qa4+ 25.Kc1 Qa1+ 26.Rb1 Qc3+ 27.Kd1 Qd4+ 28.Ke1 Qxe4
29.hxg5 Qxb1+ 30.Kf2 Ne4+ 31.Kg2 Qc2 32.Qh5+  1-0

[Event "DDR-ch 32th"]
[Site "Cottbus"]
[Date "1983.??.??"]
[Round "?"]
[White "Espig, Lutz"]
[Black "Tischbierek, Raj"]
[Result "1/2-1/2"]
[WhiteElo "2425"]
[BlackElo "2395"]

1.e4 c5 2.Nc3 Nc6 3.Nge2 d6 4.d4 cxd4 5.Nxd4 Nf6 6.Bc4 e6 7.Be3 Be7 8.Qe2 O-O
9.O-O-O Qc7 10.Bb3 a6 11.g4 Nd7 12.Rhg1 Nc5 13.g5 Bd7 14.Kb1 Rfe8  1/2-1/2

[Event "Frunze"]
[Site "Frunze"]
[Date "1983.??.??"]
[Round "?"]
[White "Barua, Dibyendu"]
[Black "Vasiukov, Evgeni"]
[Result "0-1"]
[WhiteElo "2390"]
[BlackElo "2480"]

1.e4 c5 2.Nf3 Nc6 3.Nc3 Nf6 4.Bb5 Nd4 5.e5 Nxb5 6.Nxb5 Nd5 7.O-O a6 8.Nc3 Nxc3
9.bxc3 d5 10.exd6 e6 11.d4 Bxd6 12.Ne5 Qc7 13.Re1 O-O 14.h4 Rd8 15.Qh5 cxd4
16.cxd4 f6 17.Nd3 Qxc2 18.Nc5 Qf5 19.Qxf5 exf5 20.Rb1 Rb8 21.g3 Kf7 22.Be3 b6
23.Nd3 Bd7 24.Nb4 Ra8 25.Rec1 b5 26.Nd5 Ra7 27.Nb6 Kg6 28.d5 f4 29.gxf4 Bf5
30.Rb3 Re7 31.Rc6 Kh5 32.f3 Kxh4 33.Kf2 Bc7 34.Bc5 Bxb6 35.Rxb6 Rc7 36.Rc6 Rxc6
37.dxc6 Rc8 38.Rc3 Rxc6 39.Bb4 Rc4 40.Rxc4 bxc4 41.Bf8 Kh5 42.Bb4 Kg6 43.Ke3 Bb1
44.a3 Kf5 45.Bd2 Bc2 46.Kd4 h5  0-1

[Event "Frunze"]
[Site "Frunze"]
[Date "1983.??.??"]
[Round "?"]
[White "Rakic, Tomislav"]
[Black "Wittmann, Walter"]
[Result "1/2-1/2"]
[WhiteElo "2440"]
[BlackElo "2435"]

1.e4 c5 2.Nc3 Nc6 3.Nge2 d6 4.d4 cxd4 5.Nxd4 Nf6 6.Be2 e6 7.O-O Be7 8.Be3 O-O
9.f4 Qc7 10.Nb3 a6 11.a4 b6 12.Qe1 Rb8 13.g4 d5 14.e5 Nd7 15.Bd3 Nc5 16.Nd4 f6
17.Nxc6 Qxc6 18.Bd4 f5 19.g5 Bd7 20.Qe3 Rfc8 21.Rfb1 Nxd3  1/2-1/2

[Event "Frunze"]
[Site "Frunze"]
[Date "1983.??.??"]
[Round "?"]
[White "Tseshkovsky, Vitaly"]
[Black "Rakic, Tomislav"]
[Result "1-0"]
[WhiteElo "2560"]
[BlackElo "2440"]

1.e4 c5 2.Nc3 Nc6 3.Nf3 d6 4.d4 cxd4 5.Nxd4 Nf6 6.Bg5 a6 7.Qd2 Nxd4 8.Qxd4 Qa5
9.Bd2 e5 10.Qd3 Qc5 11.Bg5 Be6 12.Bxf6 gxf6 13.Be2 h5 14.O-O h4 15.Rfd1 Rc8
16.h3 Rc6 17.Bg4 Bh6 18.Qf3 Bg5 19.Rab1 b5 20.a3 Ke7 21.Rd3 Rb8 22.Rbd1 b4
23.axb4 Qxb4 24.b3 Rb7 25.Bxe6 fxe6 26.Na4 Rxc2 27.Rxd6 Rc1 28.Rxc1 Bxc1
29.Rd1 Bg5 30.Qh5 Bd2 31.Qh7+ Ke8 32.Qh8+ Kf7 33.Nc5 Qxc5 34.Qh7+ Kf8 35.Qxb7 Qc2
36.Rf1 a5 37.Qd7 Bg5 38.Qxe6 Qxe4 39.Qc8+ Kg7 40.Qc7+ Kh6 41.Qxa5 Qd3 42.Qa4 e4
43.Qc4  1-0

[Event "Havana"]
[Site "Havana"]
[Date "1983.??.??"]
[Round "2"]
[White "Ochoa de Echaguen, F Javier"]
[Black "Remon, Adelquis"]
[Result "1/2-1/2"]
[WhiteElo "2400"]
[BlackElo "2375"]

1.e4 c5 2.Nf3 Nc6 3.Nc3 e5 4.Bc4 Be7 5.d3 Nf6 6.O-O d6 7.Ng5 O-O 8.f4 Bg4
9.Nf3 Nd4 10.f5 Nh5 11.Nd5 Bh4 12.Ne3 Nxf3+ 13.gxf3 Bh3 14.Ng2 Bg5 15.f4 Nxf4
16.Bxf4 Bxg2 17.Kxg2 Bxf4 18.Qh5 Qf6 19.Kh1 g6 20.Rg1 Kg7 21.Rg2 Rh8 22.Rag1 Rag8
23.Qh3 Kf8 24.fxg6 hxg6 25.Qc8+ Kg7 26.Rxg6+ fxg6 27.Qd7+ Kf8 28.Qc8+  1/2-1/2

[Event "Havana"]
[Site "Havana"]
[Date "1983.??.??"]
[Round "6"]
[White "Ochoa de Echaguen, F Javier"]
[Black "Sisniega, Marcel"]
[Result "1-0"]
[WhiteElo "2400"]
[BlackElo "2455"]

1.e4 c5 2.Nf3 Nc6 3.Nc3 e6 4.Bb5 Nge7 5.O-O a6 6.Bxc6 Nxc6 7.d4 cxd4 8.Nxd4 f6
9.Nxc6 bxc6 10.e5 f5 11.Re1 Be7 12.Be3 Qc7 13.Bg5 Bf8 14.Qh5+ g6 15.Qh4 h6
16.Bf6 Rg8 17.Nd1 Rb8 18.b3 Rb4 19.c4 a5 20.Nc3 h5 21.Rac1 Bb7 22.Qg5 Ba8
23.Rcd1 c5 24.Re3 Bc6 25.Rh3 Kf7 26.Bd8 Qxe5 27.Re3 Qh8 28.Red3 Rb7 29.h4 d6
30.Qg3 Qe5 31.f4 Qh8 32.Bxa5 Be7 33.Nb5 Bxb5 34.Bc3 Qh6 35.cxb5 d5 36.a4 Bd6
37.Rf1 Rc8 38.Qf3 Rd7 39.Rdd1 Rb8 40.g3 Qf8 41.Rfe1 Qd8 42.Qe2 Re7 43.a5 Qd7
44.b6 Qc6 45.Rc1 Ra8 46.b4 c4 47.Qd2 Rae8 48.Rcd1 Kg8 49.Qd4 Kh7 50.Rxe6 Qd7
51.Rxe7+ Qxe7 52.Re1  1-0

[Event "Helsinki"]
[Site "Helsinki"]
[Date "1983.??.??"]
[Round "8"]
[White "Rantanen, Yrjo A"]
[Black "Binham, Timothy F"]
[Result "1-0"]
[WhiteElo "2435"]
[BlackElo "2360"]

1.e4 c5 2.Nf3 Nc6 3.Nc3 g6 4.d4 cxd4 5.Nxd4 Bg7 6.Nb3 Nf6 7.Be2 O-O 8.O-O d6
9.Kh1 Be6 10.f4 Qc8 11.Bf3 Bc4 12.Rf2 Rd8 13.Nd5 e5 14.Nxf6+ Bxf6 15.Bg4 Qc7
16.f5 Bg7 17.Qf3 d5 18.Bg5 Rd6 19.Qh3 Qb6 20.Nd2 Qxb2 21.Rb1 Qxc2 22.Qa3 Bf8
23.Rc1 Qd3 24.Rc3 Qd4 25.Be3  1-0

[Event "Jurmala"]
[Site "Jurmala"]
[Date "1983.??.??"]
[Round "1"]
[White "Gipslis, Aivars"]
[Black "Lerner, Konstantin Z"]
[Result "1/2-1/2"]
[WhiteElo "2475"]
[BlackElo "2525"]

1.e4 c5 2.Nf3 Nc6 3.Nc3 d6 4.d4 cxd4 5.Nxd4 Nf6 6.Bg5 e6 7.Qd2 a6 8.O-O-O h6
9.Be3 Be7 10.f3 Nxd4 11.Qxd4 b5 12.Kb1 Bb7 13.h4 d5 14.exd5 Nxd5 15.Nxd5 Qxd5
16.c4 bxc4 17.Bxc4 Qxd4 18.Bxd4 O-O 19.Bxg7 Kxg7 20.Rd7 Ra7 21.Rxe7 Be4+
22.fxe4 Rxe7 23.Bxa6 Rb8 24.Re1 Ra7 25.Bd3 Kf6 26.e5+ Ke7 27.Re4 Rd7 28.Kc2 Rbd8
29.Re3 Rc7+ 30.Kd2 Rd4 31.g3 Rc5 32.a3 Ra5 33.Kc3 Rdd5 34.Kb4 Rxe5 35.Rf3 Ra7
36.a4 Kd6 37.b3 f5 38.h5 Kc6 39.Bb5+ Kb6 40.Rd3 Rd5 41.Re3 e5 42.Bc4 Rc5
43.Rd3 e4 44.Rd6+ Rc6 45.a5+ Kc7 46.Rd5 Rf6 47.a6 Kb6 48.Rb5+ Kc7 49.Rd5 Kb6
50.Rb5+ Kc7  1/2-1/2

[Event "Toth mem"]
[Site "Kecskemet"]
[Date "1983.??.??"]
[Round "?"]
[White "Barczay, Laszlo"]
[Black "Mikhalchishin, Adrian"]
[Result "1-0"]
[WhiteElo "2435"]
[BlackElo "2465"]

1.e4 c5 2.Nf3 Nc6 3.Nc3 d6 4.d4 cxd4 5.Nxd4 Nf6 6.Bg5 e6 7.Qd2 Be7 8.O-O-O O-O
9.f4 Nxd4 10.Qxd4 Qa5 11.e5 dxe5 12.Qxe5 Qb6 13.Na4 Qc6 14.Bb5 Qxg2 15.Rhg1 Qxh2
16.Bxf6 Bxf6 17.Qxf6 g6 18.Rh1 Qg2 19.Rh6 e5 20.Rdh1 Bf5 21.R6h2 Qf3 22.fxe5 Rfc8
23.Qh8+  1-0

[Event "Marshall CC-ch"]
[Site "New York"]
[Date "1983.??.??"]
[Round "4"]
[White "Kreuzer, D."]
[Black "Shapiro, Daniel E"]
[Result "0-1"]
[WhiteElo "2115"]
[BlackElo "2335"]

1.e4 c5 2.Ne2 Nc6 3.Nbc3 d6 4.d4 cxd4 5.Nxd4 Nf6 6.Bg5 Qb6 7.Nb3 e6 8.Be2 Be7
9.Qd2 O-O 10.Be3 Qc7 11.O-O-O Rd8 12.f4 a6 13.g4 d5 14.e5 Nd7 15.h4 b5 16.h5 Bb7
17.Rh2 Rac8 18.Bd3 Na5 19.Bd4 Nc4 20.Qf2 b4 21.Ne2 a5 22.g5 a4 23.Nd2 Nc5
24.Bxc4 dxc4 25.g6 Nd3+ 26.cxd3 cxd3+ 27.Nc3 bxc3 28.gxf7+ Kxf7 29.Bxc3 a3
30.Nb1 Be4 31.Kd2 axb2 32.Qg3 Bb4 33.Bxb4 Qc2+ 34.Ke1 Bf3 35.Qxf3 Qxh2 36.Bc3 Qc2
37.Qb7+ Kg8 38.Bd2 Rf8 39.Na3 Qc5 40.Kf1 Qxa3 41.h6 gxh6 42.Kf2 Qc5+ 43.Be3 Qc2+  0-1

[Event "Kamen Piskov mem 3"]
[Site "Ruse"]
[Date "1983.??.??"]
[Round "8"]
[White "Bitman, Alexander R"]
[Black "Grkov, Dimitar"]
[Result "1-0"]
[WhiteElo "2370"]
[BlackElo "2330"]

1.e4 c5 2.Nf3 Nc6 3.Nc3 g6 4.d4 cxd4 5.Nxd4 Bg7 6.Nb3 Bxc3+ 7.bxc3 Nf6 8.Bd3 d5
9.exd5 Qxd5 10.O-O O-O 11.Re1 Rd8 12.Ba3 Qg5 13.Nd4 Nd5 14.Nxc6 bxc6 15.h4 Qxh4
16.c4 Nc3 17.Qf3 Be6 18.Bb4 Na4 19.Qxc6 Bd7 20.Qf3 Qg4 21.Qxg4 Bxg4 22.Bxe7 Rdc8
23.Re5 Nb6 24.c5 Nd7 25.Rg5 f5 26.f3 Kf7 27.Re1 Rxc5 28.fxg4 Re5 29.Rxe5 Nxe5
30.gxf5 Kxe7 31.fxg6 Nxg6 32.Bxg6 hxg6 33.Rxg6 Rc8 34.Rg7+ Kf6 35.Rxa7 Rxc2
36.Kh2 Kg6 37.Kh3 Rc3+ 38.Kh4 Rc1 39.Ra5 Rb1 40.a4 Rc1 41.Ra6+ Kf5 42.g4+ Kf4
43.Rf6+ Ke5 44.Rf5+ Ke6 45.a5 Rc8 46.a6  1-0